00369 a2200109 4500001001000000005001700010008004100027245007800068100002100146773007500167999001700242ART_6137620260410161823.0260409a 10aLa exteriorización de bienes, los beneficios y el rol de las provincias1 aVega, Gerardo E.0 tDoctrina Penal Tributaria y Económicag- Nº 73 (sep. 2024)wREV4317 c22559d22559